00845cam a2200253 a 450000100100000000500170001000800410002702000150006804000340008308200200011710000340013724500490017126000340022030000210025449000340027565000260030965000300033583000430036591000290040891000070043704900090044495201230045399900150057600000885020200929161426.0800108s2000 mx 001 f spa d a9681906950 aDO-SdBNPcICdODaWUdCoPdDLC aM863.44bF954mu1 aFuentes, Carlos,d1928-9977413aLa muerte de Artemio Cruz /cCarlos Fuentes. aMéxico :bAlfaguara,c2000. a444 p. ;c18 cm.1 aBiblioteca Carlos Fuentesv34 4aNovela mexicana93959 4aLiteratura mexicana91922 0aBiblioteca Carlos Fuentes ;v34923404 aCatalogación por copia aWM aBNGR 001052708MOaGRbGRcHDd2009-09-18iLF1l0oM863.44 F954mup8850-10r2020-06-25w2020-06-25y2ZPréstamo interno c8619d8619